Salary tables: showing monthly and daily rates for salaries (Record no. 499854)

000 -LEADER
fixed length control field 00399cam a22001097a 4500
008 - FIXED-LENGTH DATA ELEMENTS--GENERAL INFORMATION
fixed length control field 180718b1971 xxu||||| |||| 00| 0 eng d
082 ## - DEWEY DECIMAL CLASSIFICATION NUMBER
Classification number K235x42 Un3s
245 ## - TITLE STATEMENT
Title Salary tables: showing monthly and daily rates for salaries
Statement of responsibility, etc. by Civil Service Department, United Kingdom
260 ## - PUBLICATION, DISTRIBUTION, ETC.
Place of publication, distribution, etc. London
Name of publisher, distributor, etc. Her Majesty's Stationery Office
Date of publication, distribution, etc. 1971
300 ## - PHYSICAL DESCRIPTION
Extent 18p.
700 ## - ADDED ENTRY--PERSONAL NAME
Personal name United Kingdom. Civil Service Department
Holdings
Withdrawn status Lost status Damaged status Not for loan Permanent Location Current Location Date acquired Full call number Barcode Date last seen Price effective from Koha item type
        Indian Institute of Public Administration Indian Institute of Public Administration 2018-08-04 K235x42 Un3s G10864 2018-08-04 2018-08-04 G

Powered by Koha